书目信息 |
| 书名: | Ra?ja-vidya?, the king of knowledge | |
| 作者: | [by] A. C. Bhaktivedanta Swami Prabhupa?da. | |
| 分册号: | ||
| 分册名: | 出版地: | New York : |
|
| 出版社: | Bhaktivedanta Book Trust | |
| 出版时间: | [1973]. | |
| 页数: | 117 p. : | |
| 开本: | 19 cm. | |
| 丛书名: | ||
| 中图分类号: | ||
| 科图分类号: | ||
| 其他分类号: | B982 | |
| 主题词: | ||
| 电子资源: | ||
| 000 | 00827cam a2200253 450 | |
| 001 | E0753234125 | |
| 005 | 20070518145751.25 | |
| 008 | 730521s1973 nyua 001 0 eng | |
| 010 | @a72084845 | |
| 020 | @a0912776404. | |
| 035 | @A(DLC) 72084845 | |
| 040 | @aDLC@cDLC@dDLC | |
| 050 | 00 | @aB132.K6@bB4 1973 |
| 082 | 00 | @a294.5/2/2 |
| 090 | @aB982 | |
| 099 | @dB982@ex32 | |
| 100 | 0 | @aA. C. Bhaktivedanta Swami Prabhupa?da,@d1896-1977. |
| 245 | 10 | @aRa?ja-vidya?, the king of knowledge / @c[by] A. C. Bhaktivedanta Swami Prabhupa?da. |
| 260 | @aNew York :@bBhaktivedanta Book Trust,@c[1973]. | |
| 300 | @a117 p. :@billus. ;@c19 cm. | |
| 650 | 0 | @aKnowledge, Theory of (Hinduism) |
| 650 | 0 | @aKrishna (Hindu deity) |
| 906 | @a7@bcbc@corignew@d2@eopcn@f19@gy-gencatlg | |
| 991 | @bc-GenColl@hB132.K6@iB4 1973@tCopy 1@wBOOKS | |
| Ra?ja-vidya?, the king of knowledge / / [by] A. C. Bhaktivedanta Swami Prabhupa?da.-New York : : Bhaktivedanta Book Trust, , [1973]. |
| 117 p. : : illus. ; ; 19 cm. |
| ISBN 0912776404. |
| ● |
| 相关链接 |
|
|
|
|
正题名:Ra?ja-vidya?, the king of knowledge
索取号:B982/x32
 
预约/预借
| 序号 | 登录号 | 条形码 | 馆藏地/架位号 | 状态 | 备注 |
| 1 | 0009818 | 300098187 | 第二样本阅览室/ [索取号:B982/x32] | 在馆 |